000 00703nam a2200241 4500
003 OSt
005 20240614055943.0
006 a
008 240614b |||||||| |||| 00| 0 eng d
020 _a9781412966290
040 _aDWCL-Main lib.
_cOC
082 _aCirc. 370.154 V244e 2009
100 _aVanDeWeghe, Richard
245 _aEngaged learning /
260 _aCalifornia :
_bCorwin Press,
_cc2009.
300 _axx,
_b151 p. ;
_c26 cm.
504 _aIncludes bibliographical references & index.
650 _a1. Motivation in education.
650 _a2. Learning, Psychology of.
650 _a3. Reflective teaching.
700 _aRichard VanDeWeghe
942 _2ddc
_n0
_cBK-CIRC
_kCirc.
999 _c702
_d702